| 000 | 01493cam a2200397 i 4500 | ||
|---|---|---|---|
| 999 |
_c232712 _d232712 |
||
| 001 | 18449104 | ||
| 003 | Nust | ||
| 005 | 20170222164134.0 | ||
| 008 | 150114s2015 mnua b 000 1 eng | ||
| 010 | _a 2015000835 | ||
| 020 | _a9788178266992 | ||
| 040 |
_aDLC _beng _cDLC _erda |
||
| 041 | 1 |
_aeng _hfre |
|
| 042 | _apcc | ||
| 043 | _ae-fr--- | ||
| 050 | 0 | 0 |
_aPQ2286 _b.A31 2015 |
| 082 | 0 | 0 |
_a823 _bHUG |
| 100 | 1 |
_aHugo, Victor, _d1802-1885, _eauthor. |
|
| 240 | 1 | 0 |
_aMisérables. _lEnglish |
| 245 | 1 | 4 |
_aLes Misérables / _cby Victor Hugo ; translated by Isabel F. Hapgood ; illustrated by Émile Bayard. |
| 264 | 1 |
_aMinneapolis, MN : _bFirst Avenue Editions, A division of Lerner Publishing Group, _c2004 |
|
| 300 |
_axvi, 607 pages : _c22 cm |
||
| 336 |
_atext _2rdacontent |
||
| 337 |
_aunmediated _2rdamedia |
||
| 338 |
_avolume _2rdacarrier |
||
| 490 | 0 | _aFirst Avenue classics | |
| 504 | _aIncludes bibliographical references. | ||
| 650 | 0 |
_aEx-convicts _vFiction. |
|
| 650 | 0 |
_aOrphans _vFiction. |
|
| 651 | 0 |
_aParis (France) _vFiction. |
|
| 655 | 7 |
_aEpic literature. _2gsafd |
|
| 906 |
_a7 _bcbc _corignew _d1 _eecip _f20 _gy-gencatlg |
||
| 942 |
_2ddc _cBK |
||